<?xml version="1.0" encoding="UTF-8"?>
<record
    xmlns:xsi="http://www.w3.org/2001/XMLSchema-instance"
    xsi:schemaLocation="http://www.loc.gov/MARC21/slim http://www.loc.gov/standards/marcxml/schema/MARC21slim.xsd"
    xmlns="http://www.loc.gov/MARC21/slim">

  <leader>00384    a2200109   4500</leader>
  <controlfield tag="001">ART_39758</controlfield>
  <controlfield tag="005">20260410162012.0</controlfield>
  <controlfield tag="008">260409a                                 </controlfield>
  <datafield tag="245" ind1="1" ind2="0">
    <subfield code="a">Notas acerca de las bases doctrinarias de la concentraci&#xF3;n financiera</subfield>
  </datafield>
  <datafield tag="100" ind1="1" ind2=" ">
    <subfield code="a">Magliano, Augusto C.</subfield>
  </datafield>
  <datafield tag="773" ind1="0" ind2=" ">
    <subfield code="t">Revista de la Escuela de Econom&#xED;a y Negocios</subfield>
    <subfield code="g">- A&#xF1;o 1, N&#xBA; 1 (mar. 1999)</subfield>
    <subfield code="w">REV39725</subfield>
  </datafield>
  <datafield tag="999" ind1=" " ind2=" ">
    <subfield code="c">32335</subfield>
    <subfield code="d">32335</subfield>
  </datafield>
</record>
